000 01310nam a2200481 a 4500
003 AR-BaBNM
005 20251128205609.0
008 082120s2002 ||||||||||||||000 | spa||
020 _a968-23-0764-3
040 _cAR-BaBNM
245 0 0 _aAsia contemporánea
250 _a11ª ed.
260 _aMéxico, D.F.
_bSiglo Veintiuno
_c1995
300 _a350 p.
_btablas
490 0 _aHistoria Universal siglo XXI
_vv. 33
500 _aIndice alfabético p. 335-349
504 _aBibliografía p. 315-334
650 4 _aHISTORIA ASIATICA
650 4 _aSIGLO VEINTE
650 4 _aIDEOLOGIAS
650 4 _aCONFLICTO INTERNACIONAL
650 4 _aCOEXISTENCIA PACIFICA
650 4 _aRELACIONES INTERNACIONALES
650 4 _aHISTORIA POLITICA
650 4 _aTRATADOS
650 4 _aGEOPOLITICA
650 4 _aCOMUNISMO
651 4 _aInglaterra
651 4 _aJapón
651 4 _aEstados Unidos
651 4 _aChina
651 4 _aAsia
651 4 _aCOREA
653 _aMAOISMO
700 1 _aAkamatsu, Paul
_ecolaborador
700 1 _aBechert, Heinz
_ecolaborador
700 1 _aBuddruss, Georg
_ecolaborador
700 1 _aRobert, Jacques
_ecolaborador
700 1 _aBianco, Lucien
_ecompilador
700 1 _aDíez del Corral, Francisco
_etraductor
942 _cBK
998 _cMariana
999 _c12059
_d12059